[Event "Foment Martinenc op-C 24th"]
[Site "Barcelona"]
[Date "2024.06.01"]
[Round "7"]
[White "Pop, David1"]
[Black "Jaime Capella, Roger"]
[Result "0-1"]
[WhiteElo "1596"]
[BlackElo "1700"]
[PlyCount "78"]
[EventDate "2024.04.20"]
[EventType "swiss"]
[EventRounds "9"]
[EventCountry "ESP"]
[SourceTitle "CBM 220 Extra"]
[Source "ChessBase"]
[SourceDate "2024.07.31"]
[SourceVersion "1"]
[SourceVersionDate "2024.07.31"]
[SourceQuality "1"]

1. e4 e5 2. Nf3 Nf6 3. Nc3 Nc6 4. Bc4 Nxe4 5. Nxe4 d5 6. Bd3 dxe4 7. Bxe4 Bd7 8. 0-0 Bd6 9. Re1 Bg4 10. Bxc6+ bxc6 11. Nxe5 Be6 12. Qf3 0-0 13. Qe3 Qf6 14. Nf3 Rfe8 15. Qg5 Qxg5 16. Nxg5 Bd5 17. Rf1 Re2 18. b3 Rae8 19. Nh3 R8e6 20. f3 Rg6 21. g3 Bxg3 22. hxg3 Rxg3+ 23. Kh1 Rxh3+ 24. Kg1 Bxf3 25. Rxf3 Rxf3 26. Bb2 h5 27. Rd1 h4 28. Kh1 Rg3 29. a4 h3 30. c3 h2 31. Ba1 Reg2 32. Bb2 Rg6 33. Re1 Rg1+ 34. Kxh2 Rxe1 35. c4 Re2+ 36. Kh3 Rxd2 37. Bc3 Rd1 38. Kh2 Rf1 39. Bd4 Rf5 0-1

[Event "Foment Martinenc op-C 24th"]
[Site "Barcelona"]
[Date "2024.04.20"]
[Round "1"]
[White "Rius Navarro, Marc"]
[Black "Jaime Capella, Roger"]
[Result "0-1"]
[WhiteElo "1633"]
[BlackElo "1700"]
[PlyCount "66"]
[EventDate "2024.04.20"]
[EventType "swiss"]
[EventRounds "9"]
[EventCountry "ESP"]
[SourceTitle "CBM 220 Extra"]
[Source "ChessBase"]
[SourceDate "2024.07.31"]
[SourceVersion "1"]
[SourceVersionDate "2024.07.31"]
[SourceQuality "1"]

1. d4 Nf6 2. Nf3 g6 3. e3 Bg7 4. b3 0-0 5. Bd3 d6 6. Bb2 c5 7. c4 e6 8. Nc3 b6 9. 0-0 Bb7 10. Ne2 Bxf3 11. gxf3 cxd4 12. Bxd4 e5 13. Bb2 Nbd7 14. Ng3 Nc5 15. Bc2 Rc8 16. Qe2 Qe7 17. Rfd1 Rfd8 18. Rd2 h5 19. b4 Ne6 20. Rad1 h4 21. Ne4 Nxe4 22. Bxe4 h3 23. Kf1 Qg5 24. Ke1 Qg2 25. Qf1 Ng5 26. Ke2 Qxh2 27. Rxd6 Rxd6 28. Rxd6 Rxc4 29. Kd3 Rxb4 30. Bc3 Qg2 31. Ke2 Rc4 32. Ba1 Qxf1+ 33. Kxf1 Rc1+ 0-1